000 00627nam a2200193 i 4500
001 bg
100 1 _aFROŁOWICZ, Tomasz
245 1 0 _aSkuteczność procesu wychowania fizycznego w szkole podstawowej /
_cTomasz Frołowicz ; Akademia Wychowania Fizycznego w Gdańsku.
260 _aGdańsk :
_bWydaw. Uczelniane AWF,
_c1994.
300 _a91 s. :
_bwykr. ;
_c24 cm.
650 9 _aWychowanie fizyczne i kultura fizyczna
_xnauczanie
_xefektywność
020 _a8385968350
040 _cBPK
041 0 _apl
080 _a372.879.641
920 _a83-85968-35-0
942 _cKS
008 s pl f |000 0 pol
999 _c24550
_d24550
856 _uhttp://koha.tu.koszalin.pl/cgi-bin/koha/opac-detail.pl?biblionumber=24550
_yKatalog online BPK